| 000 | 01060cam a2200265 i 4500 | ||
|---|---|---|---|
| 003 | SA-RiAUC | ||
| 005 | 20250509171244.0 | ||
| 008 | 250508s1975 ua g 00010 ara c | ||
| 040 |
_aSA-AhKFU _bara _cSA-RiAUC _erda |
||
| 082 | 0 | 4 |
_a257.2 _qSA-RiAUC |
| 090 |
_a257.2 _bا ب و ع |
||
| 100 | 1 |
_aأبو عبيد، القاسم بن سلام، _d157-224 هجري _eمؤلف. |
|
| 245 | 1 | 0 |
_aكتاب الأموال / _cأبو عبيد القاسم بن سلام ؛ تحقيق وتعليق خليل محمد هراس. |
| 246 | 3 | 0 | _aالأموال |
| 250 | _aالطبعة الثانية. | ||
| 264 | 1 |
_aالقاهرة : _bمكتبة الكليات الأزهرية، _c1975 |
|
| 300 |
_a749 صفحة ؛ _c24 سم |
||
| 336 |
_aنص _btxt _2rdacontent _3كتاب |
||
| 337 |
_aبدون وسيط _bn _2rdamedia |
||
| 338 |
_aمجلد _bnc _2rdacarrier |
||
| 650 | 7 |
_aالنظام المالي في الإسلام _2aucsh |
|
| 700 | 1 |
_aهراس، محمد خليل، _d1916-1975 _eمحقق. |
|
| 942 |
_2ddc _cBOOK _n0 |
||
| 949 |
_aSA-JeALM _d250508 _umohamedma123 _n1 |
||
| 999 |
_c7758 _d7758 |
||